[Event "4NCL Division 4 South"]
[Site "Daventry, ENG"]
[Date "2019.04.14"]
[Round "8.62"]
[White "Sheikh, Nasarullah"]
[Black "Levens, David G"]
[Result "1-0"]
[WhiteElo "1740"]
[BlackElo "1930"]
[PlyCount "87"]
[EventDate "2019.04.14"]
[WhiteTeam "Rook & Roll"]
[BlackTeam "Ashfield 2"]

1. e4 d5 2. exd5 Nf6 3. Bb5+ Nbd7 4. c4 a6 5. Ba4 b5 6. cxb5 Nxd5 7. Bb3 N7f6
8. Bc4 axb5 9. Bxb5+ Bd7 10. Bc4 e6 11. Nf3 Bd6 12. O-O c6 13. Nc3 Qc7 14. Re1
h6 15. b3 g5 16. Ne4 Nxe4 17. Rxe4 f5 18. Re1 g4 19. Bb2 gxf3 20. Bxd5 Bxh2+
21. Kh1 fxg2+ 22. Bxg2 O-O-O 23. Bxh8 Rxh8 24. Rc1 Rg8 25. Qf3 e5 26. b4 e4 27.
Qh5 Bf4 28. Rc2 Rg5 29. Qf7 Qb6 30. Qf8+ Kc7 31. Qc5 Qb8 32. b5 Bd6 33. Qd5 Qe8
34. b6+ Kb7 35. Qxd6 Qh5+ 36. Qh2 f4 37. Bxe4 Qf7 38. Bf3 Be6 39. Rxc6 Bd5 40.
Rc3 Rh5 41. Rc7+ Kxb6 42. Rxf7 Bxf3+ 43. Kg1 Rg5+ 44. Kf1 1-0

[Event "4NCL Division 4 South"]
[Site "Daventry, ENG"]
[Date "2019.04.14"]
[Round "8.63"]
[White "Flynn, David"]
[Black "Sheikh, Anum"]
[Result "1/2-1/2"]
[WhiteElo "1930"]
[BlackElo "1642"]
[PlyCount "103"]
[EventDate "2019.04.14"]
[WhiteTeam "Ashfield 2"]
[BlackTeam "Rook & Roll"]

1. e4 Nf6 2. e5 Nd5 3. c4 Nb6 4. d4 d6 5. exd6 exd6 6. Nc3 Nc6 7. b3 Be7 8. Nf3
O-O 9. Be2 Bf6 10. Be3 Re8 11. O-O Bf5 12. Rc1 a5 13. a4 Nb4 14. d5 Nd7 15. Nb5
Na2 16. Ra1 Bxa1 17. Qxa1 Nb4 18. Nfd4 Bd3 19. Bxd3 Nxd3 20. Qd1 N3c5 21. Qh5
Nf6 22. Qg5 Nce4 23. Qh4 Re5 24. g4 Ne8 25. Qh3 Qc8 26. f4 Re7 27. Nf5 Rd7 28.
Re1 c6 29. Qg2 cxb5 30. Qxe4 Qd8 31. cxb5 Nf6 32. Qd4 Qf8 33. g5 Ne8 34. Ng3 f5
35. Qd3 Rf7 36. Bb6 g6 37. Qd2 Ng7 38. Bxa5 Re7 39. Rxe7 Qxe7 40. Bc3 Re8 41.
Kf2 Qc7 42. Kf3 Rc8 43. Ne2 Qc5 44. Bb4 Qc7 45. Bc3 Qe7 46. Ng3 Qf7 47. Nf1 Rc5
48. Ne3 Qe7 49. Bb4 Rc8 50. Nc4 Ne8 51. Qd4 Qc7 52. Bc3 1/2-1/2

[Event "4NCL Division 4 South"]
[Site "Daventry, ENG"]
[Date "2019.04.14"]
[Round "8.64"]
[White "Ball, Matthew P"]
[Black "Graham, Neil"]
[Result "1-0"]
[WhiteElo "1607"]
[BlackElo "1825"]
[PlyCount "117"]
[EventDate "2019.04.14"]
[WhiteTeam "Rook & Roll"]
[BlackTeam "Ashfield 2"]

1. d4 Nf6 2. Bf4 d5 3. e3 Bf5 4. c4 Bxb1 5. Qxb1 e6 6. c5 Nh5 7. Be5 Nd7 8. Be2
Nhf6 9. Bf4 c6 10. b4 b6 11. Qc1 bxc5 12. bxc5 Qa5+ 13. Qd2 Qxd2+ $11 14. Kxd2
Ne4+ 15. Ke1 g5 16. Bc7 Rc8 17. Ba5 Rb8 18. f3 Nef6 19. Bc3 Be7 20. Kd2 O-O 21.
Nh3 h6 22. Ba6 Bd8 23. Rab1 Bc7 24. Bb7 Kh7 25. Nf2 Kg6 26. Bxc6 Bxh2 27. Rxb8
Bxb8 28. Rb1 Bg3 29. Nd3 Rb8 30. Rxb8 Nxb8 31. Bb5 a6 32. Ba4 Bc7 33. Nc1 g4
34. fxg4 Nxg4 35. Nb3 Nf6 36. Ba5 Ne4+ 37. Ke1 Bxa5+ 38. Nxa5 Nc3 39. Be8 Nxa2
40. c6 Nxc6 41. Nxc6 Nc3 42. Kd2 Ne4+ 43. Ke2 Kf6 $11 44. Bd7 Nd6 45. Na5 Ke7
46. Bc6 f6 47. Bb7 Nf5 48. Bxa6 e5 49. Bc8 Ng3+ 50. Kf3 Ne4 51. Bf5 Nd6 52.
Nc6+ Kf7 53. Bb1 Nc4 54. Ba2 e4+ 55. Kf4 Nb6 56. Nb4 Ke6 57. Bxd5+ Nxd5+ 58.
Nxd5 Kxd5 59. Kf5 1-0

[Event "4NCL Division 4 South"]
[Site "Daventry, ENG"]
[Date "2019.04.14"]
[Round "8.65"]
[White "Hill, Maurice J"]
[Black "Jaufarally, Mohammud"]
[Result "1/2-1/2"]
[WhiteElo "1810"]
[BlackElo "1503"]
[PlyCount "87"]
[EventDate "2019.04.14"]
[WhiteTeam "Ashfield 2"]
[BlackTeam "Rook & Roll"]

1. g3 d5 2. Nf3 Nf6 3. Bg2 Bf5 4. O-O e6 5. c4 c6 6. b3 Nbd7 7. d3 Be7 8. Bb2
O-O 9. Nbd2 h6 10. Re1 Re8 11. e4 dxe4 12. dxe4 Bh7 13. e5 Nh5 14. Ne4 Bxe4 15.
Rxe4 Bc5 16. Bd4 g5 17. Nxg5 Ng7 18. Nf3 Bf8 19. Nh4 Qc7 20. Qd2 Kh7 21. Rae1
Bc5 22. Bc3 Rg8 23. Rf4 Nf8 24. Rf6 Ng6 25. Be4 Nh5 26. Rf3 Qe7 27. Qc2 Rg7 28.
Nxg6 fxg6 29. g4 Qg5 30. h3 Nf4 31. Bd2 Rf8 32. Kh2 Rgf7 33. b4 Bb6 34. Bc1 Kg7
35. Be3 Qxe5 36. Kg1 Rf6 37. c5 Bc7 38. Rd1 Rd8 39. Rxd8 Bxd8 40. Bxf4 Rxf4 41.
Rxf4 Qxf4 42. Qd3 Bh4 $11 43. Qd4+ Qf6 44. Qxf6+ 1/2-1/2

[Event "4NCL Division 4 South"]
[Site "Daventry, ENG"]
[Date "2019.04.14"]
[Round "8.66"]
[White "Ball, Charlie"]
[Black "Taylor, Robert P"]
[Result "0-1"]
[WhiteElo "1367"]
[BlackElo "1757"]
[PlyCount "108"]
[EventDate "2019.04.14"]
[WhiteTeam "Rook & Roll"]
[BlackTeam "Ashfield 2"]

1. d4 d5 2. Bf4 Nf6 3. e3 Bf5 4. c3 c6 5. Bd3 Bg6 6. Nf3 Nbd7 7. Qc2 e6 8. Nbd2
Be7 9. Ne5 Bxd3 10. Qxd3 Nxe5 11. dxe5 Nd7 12. Nf3 f5 13. exf6 Bxf6 14. O-O-O
e5 15. Bxe5 Nxe5 16. Nxe5 Bxe5 17. Qf5 Qf6 18. e4 O-O 19. Qxf6 Rxf6 20. exd5
Rd8 21. dxc6 Rxd1+ 22. Rxd1 bxc6 23. Rd8+ Rf8 24. Rxf8+ Kxf8 25. h3 h5 26. Kd2
Ke7 27. Kd3 g5 28. Ke4 Ke6 29. a4 h4 30. f3 c5 31. Kd3 Kd5 32. c4+ Ke6 33. b3
a5 34. Ke4 Bg3 35. Kd3 Kf5 36. Ke2 Kf4 37. Kd2 Bh2 38. Ke2 Bg1 39. Kf1 Bd4 40.
Ke2 Kg3 41. Kd3 Bf2 42. Ke4 Kxg2 43. Kf5 Kxh3 44. Kxg5 Kg3 45. Kf5 Kxf3 46. Ke5
h3 47. Kd5 h2 48. Kc6 h1=Q 49. Kb5 Qe1 50. Ka6 Qb4 51. Ka7 Bg3 52. Ka6 Bc7 53.
Ka7 Qb6+ 54. Ka8 Qb8# 0-1

[Event "4NCL Division 4 South"]
[Site "Daventry, ENG"]
[Date "2019.04.14"]
[Round "8.71"]
[White "Smith, Olivia"]
[Black "Ireland, David J"]
[Result "1/2-1/2"]
[WhiteElo "2110"]
[BlackElo "2027"]
[PlyCount "97"]
[EventDate "2019.04.14"]
[WhiteTeam "Fischer's Catch"]
[BlackTeam "Throw in the Tal"]

1. e4 e5 2. Nf3 Nf6 3. Nc3 Nc6 4. a3 Bc5 5. Nxe5 Nxe5 6. d4 Bd6 7. f4 Ng6 8. e5
Qe7 9. Be2 c6 10. exd6 Qxd6 11. O-O Ne7 12. f5 Ned5 13. Nxd5 Nxd5 14. c4 Nf6
15. Bf4 Qe7 16. Bd3 O-O 17. Re1 Qd8 18. g4 d5 19. c5 Re8 20. Qf3 b6 21. b4 a5
22. Rxe8+ Qxe8 23. Bg3 axb4 24. Re1 Qd8 25. g5 Nd7 26. g6 Nf6 27. axb4 bxc5 28.
bxc5 Ba6 29. gxf7+ Kxf7 30. Bxa6 Rxa6 31. Qe2 Qc8 32. Qe7+ Kg8 33. Qe5 Ra8 34.
Bh4 Ne4 35. Qf4 Qb8 36. Qxb8+ Rxb8 37. Bg3 Nxg3 38. hxg3 Rb4 39. Re6 Rxd4 40.
Rxc6 Rd2 41. Rd6 d4 42. c6 Rc2 43. g4 d3 44. Rxd3 Rxc6 45. Kf2 h6 46. Rd7 Rc3
47. Re7 Kf8 48. Rb7 Rd3 49. Rc7 1/2-1/2

[Event "4NCL Division 4 South"]
[Site "Daventry, ENG"]
[Date "2019.04.14"]
[Round "8.72"]
[White "Pink, Joshua"]
[Black "Staniforth, Matthew"]
[Result "1-0"]
[WhiteElo "2020"]
[BlackElo "1945"]
[PlyCount "125"]
[EventDate "2019.04.14"]
[WhiteTeam "Throw in the Tal"]
[BlackTeam "Fischer's Catch"]

1. d4 Nf6 2. Nf3 e6 3. c4 d5 4. Nc3 c6 5. Bg5 dxc4 6. e4 b5 7. e5 h6 8. Bh4 g5
9. Nxg5 hxg5 10. Bxg5 Nbd7 11. g3 Qb6 12. exf6 Bb7 13. Bg2 O-O-O 14. Qe2 Bh6
15. Bxh6 Rxh6 16. O-O Nxf6 17. Rfd1 Rxd4 18. Rxd4 Qxd4 19. Rd1 Qb6 20. Qd2 Rg6
21. Qd6 Rg8 22. Qe7 b4 23. Qxf6 bxc3 24. Qxf7 Rd8 25. Qxe6+ Kb8 26. Qe5+ Ka8
27. Rxd8+ Qxd8 28. bxc3 Qd1+ 29. Bf1 Bc8 30. Qe2 Qd6 31. Qxc4 Be6 32. Qd4 Qe7
33. Bg2 Bd7 34. h4 Be8 35. Qe4 Qd7 36. Kh2 Kb7 37. Bh3 Qf7 38. Qb4+ Ka8 39. Qf4
Qe7 40. Qf5 Kb7 41. Qe6 Qd8 42. h5 Bxh5 43. Qd7+ Qxd7 44. Bxd7 Bf7 45. a3 Kc7
46. Bf5 Kb6 47. g4 c5 48. g5 Kb5 49. Bd3+ Ka4 50. f4 c4 51. g6 Bd5 52. Bc2+
Kxa3 53. f5 Kb2 54. f6 Kxc2 55. f7 Bxf7 56. gxf7 Kxc3 57. f8=Q Kc2 58. Qb4 c3
59. Kg2 a5 60. Qxa5 Kd3 61. Qa1 Kd2 62. Kf2 Kd3 63. Qc1 1-0

[Event "4NCL Division 4 South"]
[Site "Daventry, ENG"]
[Date "2019.04.14"]
[Round "8.73"]
[White "Thorpe, Thomas"]
[Black "Graff, Ben"]
[Result "1-0"]
[WhiteElo "1914"]
[BlackElo "1847"]
[PlyCount "99"]
[EventDate "2019.04.14"]
[WhiteTeam "Fischer's Catch"]
[BlackTeam "Throw in the Tal"]

1. e4 Nc6 2. Nc3 d6 3. f4 e5 4. Nf3 Bg4 5. Bb5 Nge7 6. h3 Bxf3 7. Qxf3 a6 8.
Bxc6+ Nxc6 9. d3 Nd4 10. Qf2 Be7 11. O-O O-O 12. Be3 Nc6 13. Nd5 exf4 14. Qxf4
Ne5 15. Qf5 c6 16. Bb6 Qe8 17. Nc7 g6 18. Qf4 Qc8 19. Nxa8 Qxa8 20. Bd4 Qb8 21.
Kh1 c5 22. Bxe5 dxe5 23. Qg3 Qd6 24. Rad1 Bf6 25. c3 Bg7 26. d4 cxd4 27. cxd4
Qb6 28. d5 Qxb2 29. Qb3 Qxb3 30. axb3 f5 31. d6 f4 32. d7 Bf6 33. Rd6 Kf7 34.
Rfd1 Bd8 35. R6d5 Ke6 36. R1d3 g5 37. Rd6+ Ke7 38. Rh6 Rf7 39. Rdd6 Kf8 40.
Rhe6 Re7 41. Kg1 Kf7 42. Rf6+ Kg7 43. Rf5 Rf7 44. Rxe5 Rf6 45. Rxg5+ Kf7 46.
Rxf6+ Kxf6 47. Rd5 Ke6 48. Kf2 Ke7 49. Kf3 Bc7 50. e5 1-0

[Event "4NCL Division 4 South"]
[Site "Daventry, ENG"]
[Date "2019.04.14"]
[Round "8.74"]
[White "Goodwin, Ed H"]
[Black "Rathbone-Jones, Ifan"]
[Result "0-1"]
[WhiteElo "1877"]
[BlackElo "1952"]
[PlyCount "148"]
[EventDate "2019.04.14"]
[WhiteTeam "Throw in the Tal"]
[BlackTeam "Fischer's Catch"]

1. d4 d5 2. c4 e6 3. Nc3 Nf6 4. cxd5 exd5 5. Bg5 c6 6. e3 Be7 7. Bd3 O-O 8. Qc2
h6 9. Bh4 Be6 10. Nge2 Nh5 11. Bxe7 Qxe7 12. Ng3 Nxg3 13. hxg3 Nd7 14. O-O f5
15. Rab1 Qg5 16. Ne2 Rf6 17. Nf4 Nf8 18. Be2 Bf7 19. Nh3 Qg6 20. Nf4 Qh7 21. g4
g5 22. Nh5 Bxh5 23. gxh5 Qf7 24. g4 f4 25. exf4 Rxf4 26. Rbd1 Re8 27. f3 Ne6
28. Qc3 Nxd4 29. Rxd4 Rxe2 30. Qd3 Qe6 31. Rxf4 gxf4 32. Rf2 Rxf2 33. Kxf2 c5
34. Qd2 Qe5 35. Kf1 d4 36. Qd3 Qe6 37. Qb5 b6 38. Qa6 Qe3 39. Qc8+ Kf7 40. Qf5+
Ke7 41. Qh7+ Kd8 42. Qb7 Qc1+ 43. Kg2 Qxb2+ 44. Kh3 Qxa2 45. Qb8+ Kd7 46. Qxf4
Qe6 47. Qb8 a5 48. Qb7+ Ke8 49. Qb8+ Ke7 50. Qc7+ Kf6 51. Qf4+ Kg7 52. Qc7+ Qf7
53. Qe5+ Kh7 54. Qe4+ Kg8 55. Kg3 Qc7+ 56. Kh3 Qd6 57. Qd3 Kf7 58. f4 Qxf4 59.
Qg6+ Ke7 60. Qxb6 Qf3+ 61. Kh2 Qf2+ 62. Kh3 Qe3+ 63. Kh4 d3 64. Qc7+ Ke6 65.
Qc6+ Ke5 66. Qe8+ Kd4 67. Qa4+ c4 68. Qa1+ Ke4 69. Qh1+ Ke5 70. Qa1+ Kd6 71.
Qf6+ Kc5 72. Qf8+ Kb5 73. Qb8+ Ka4 74. Qc7 d2 0-1

[Event "4NCL Division 4 South"]
[Site "Daventry, ENG"]
[Date "2019.04.14"]
[Round "8.75"]
[White "Carpenter, Raymond"]
[Black "Davidson, Laura"]
[Result "1-0"]
[WhiteElo "1755"]
[BlackElo "1757"]
[PlyCount "97"]
[EventDate "2019.04.14"]
[WhiteTeam "Fischer's Catch"]
[BlackTeam "Throw in the Tal"]

1. e4 e5 2. Bc4 Nc6 3. Nf3 Bc5 4. O-O Nf6 5. c3 d6 6. b4 Bb6 7. a4 a6 8. Qb3
O-O 9. d3 h6 10. h3 Nh5 11. Be3 Ba7 12. Nbd2 Qf6 13. Kh2 Nf4 14. a5 Qg6 15.
Bxf4 exf4 16. d4 Bd7 17. b5 axb5 18. Bxb5 Rad8 19. d5 Ne5 20. Nxe5 dxe5 21.
Bxd7 Rxd7 22. Qxb7 Bxf2 23. Rxf2 Qg3+ 24. Kg1 Qxc3 25. Nb3 Rdd8 26. Rc1 Qe3 27.
Rxc7 Rb8 28. a6 Rxb7 29. Rxb7 Ra8 30. a7 Rxa7 31. Rxa7 Qxa7 32. Kf1 Qa6+ 33.
Ke1 Qb6 34. Nd2 Qb4 35. Rf3 Qd4 36. Ke2 g6 37. Rd3 Qa7 38. d6 Qd7 39. Nc4 Qd8
40. Nxe5 Kf8 41. d7 Kg7 42. Nc6 Qg5 43. d8=Q Qxg2+ 44. Kd1 f3 45. e5 Qf1+ 46.
Kc2 Qf2+ 47. Kb3 Kh7 48. Qf6 Qb6+ 49. Nb4 1-0

[Event "4NCL Division 4 South"]
[Site "Daventry, ENG"]
[Date "2019.04.14"]
[Round "8.76"]
[White "Price, Andrew"]
[Black "Fraser, Susanna"]
[Result "0-1"]
[WhiteElo "1772"]
[BlackElo "1649"]
[PlyCount "46"]
[EventDate "2019.04.14"]
[WhiteTeam "Throw in the Tal"]
[BlackTeam "Fischer's Catch"]

1. e4 e5 2. Nc3 Nf6 3. f4 d5 4. fxe5 Nxe4 5. d3 Qh4+ 6. g3 Nxc3 7. bxc3 Qa4 8.
d4 Be7 9. Bg2 Nc6 10. Bxd5 O-O 11. Qd3 Rd8 12. Bb3 Qa5 13. Nf3 Bh3 14. Bd2 Qb6
15. Rb1 Kh8 16. Ng5 Bxg5 17. Bxg5 Nxe5 18. Qe3 Nc4 19. Qf3 Re8+ 20. Kf2 Ne5 21.
Qd1 Ng4+ 22. Kf3 Qc6+ 23. d5 Qxc3+ 0-1

[Event "4NCL Division 4 South"]
[Site "Daventry, ENG"]
[Date "2019.04.14"]
[Round "8.81"]
[White "Girdlestone, Paul C"]
[Black "Gilbert, Jonathan A"]
[Result "1/2-1/2"]
[WhiteElo "2008"]
[BlackElo "2025"]
[PlyCount "25"]
[EventDate "2019.04.14"]
[WhiteTeam "Check Innmates 2"]
[BlackTeam "The Full Ponty"]

1. e4 c5 2. Nf3 Nc6 3. g3 g6 4. Bg2 Bg7 5. O-O d6 6. c3 e5 7. d3 Nge7 8. Be3
O-O 9. Na3 b6 10. d4 Ba6 11. Re1 Qc7 12. Rc1 Rad8 13. d5 1/2-1/2

[Event "4NCL Division 4 South"]
[Site "Daventry, ENG"]
[Date "2019.04.14"]
[Round "8.82"]
[White "Davies, Peter"]
[Black "Tucker, David S"]
[Result "1/2-1/2"]
[WhiteElo "1944"]
[BlackElo "1980"]
[PlyCount "31"]
[EventDate "2019.04.14"]
[WhiteTeam "The Full Ponty"]
[BlackTeam "Check Innmates 2"]

1. c4 c5 2. Nf3 Nf6 3. g3 g6 4. b3 Bg7 5. Bb2 O-O 6. Bg2 Nc6 7. O-O d6 8. d4
cxd4 9. Nxd4 Bd7 10. Nc3 Rc8 11. Rc1 a6 12. Nd5 e6 13. Nxf6+ Bxf6 14. Qd2 Nxd4
15. Bxd4 Bc6 16. Rfd1 1/2-1/2

[Event "4NCL Division 4 South"]
[Site "Daventry, ENG"]
[Date "2019.04.14"]
[Round "8.83"]
[White "Rabbitt, Michael"]
[Black "Quinn, Peter"]
[Result "1/2-1/2"]
[WhiteElo "1985"]
[BlackElo "1838"]
[PlyCount "45"]
[EventDate "2019.04.14"]
[WhiteTeam "Check Innmates 2"]
[BlackTeam "The Full Ponty"]

1. e4 Nf6 2. e5 Nd5 3. c4 Nb6 4. b3 c5 5. Bb2 Nc6 6. Nf3 d5 7. cxd5 Nxd5 8. Nc3
Nf4 9. d4 cxd4 10. Nb5 Nxg2+ 11. Bxg2 Qa5+ 12. Qd2 Qxb5 13. O-O-O Bf5 14. Nxd4
Qc5+ 15. Qc3 Qxc3+ 16. Bxc3 e6 17. Nxc6 Rc8 18. Rd8+ Rxd8 19. Nxd8 Kxd8 20.
Bxb7 Bc5 21. Ba5+ Bb6 22. Bxb6+ axb6 23. Rd1+ 1/2-1/2

[Event "4NCL Division 4 South"]
[Site "Daventry, ENG"]
[Date "2019.04.14"]
[Round "8.84"]
[White "Taylor, Robert Graham"]
[Black "Bourne, Johnathan D"]
[Result "0-1"]
[WhiteElo "1851"]
[BlackElo "1910"]
[PlyCount "72"]
[EventDate "2019.04.14"]
[WhiteTeam "The Full Ponty"]
[BlackTeam "Check Innmates 2"]

1. Nf3 Nf6 2. c4 g6 3. g3 Bg7 4. Bg2 O-O 5. d4 d6 6. Nc3 Nbd7 7. O-O a6 8. h3
Rb8 9. d5 Nb6 10. Nd2 e5 11. b4 e4 12. Qb3 e3 13. fxe3 Qe7 14. e4 Nh5 15. Rf3
f5 16. Bb2 Qg5 17. Nf1 Nd7 18. h4 Qe7 19. exf5 Ne5 20. Re3 Bxf5 21. Nd1 Qd7 22.
c5 Bh3 23. Nh2 Bxg2 24. Kxg2 Qf7 25. Rb1 Rbe8 26. cxd6 cxd6 27. a3 Nf6 28. Nc3
Nfg4 29. Nxg4 Nxg4 30. Rf3 Ne3+ 31. Kh2 Qd7 32. Rg1 Qg4 33. Bc1 Rxf3 34. exf3
Qxf3 35. Nd1 Ng4+ 36. Kh3 Qxb3 0-1

[Event "4NCL Division 4 South"]
[Site "Daventry, ENG"]
[Date "2019.04.14"]
[Round "8.85"]
[White "Tomboline, David"]
[Black "Dixon, Chris"]
[Result "1/2-1/2"]
[WhiteElo "1942"]
[BlackElo "1756"]
[PlyCount "71"]
[EventDate "2019.04.14"]
[WhiteTeam "Check Innmates 2"]
[BlackTeam "The Full Ponty"]

1. d4 Nf6 2. Nf3 g6 3. Bg5 Bg7 4. c3 d6 5. Nbd2 O-O 6. e4 Qe8 7. Bc4 c6 8. Bb3
h6 9. Bh4 Na6 10. O-O Nc7 11. Qe2 Nh5 12. Qe3 b5 13. a4 a6 14. Bd1 Qd7 15. Ne1
Nf6 16. h3 Bb7 17. Bf3 e5 18. dxe5 dxe5 19. Nb3 Qe7 20. Nc5 Bc8 21. Ned3 g5 22.
Bg3 g4 23. hxg4 Nxg4 24. Qe2 h5 25. axb5 cxb5 26. Bxg4 Bxg4 27. f3 Be6 28. Nxe6
Qxe6 29. Rfd1 Rfe8 30. Nc5 Qc6 31. Nb3 Rad8 32. Bh4 f6 33. Rd2 Rxd2 34. Qxd2
Ne6 35. Qd5 Qc8 36. Na5 1/2-1/2

[Event "4NCL Division 4 South"]
[Site "Daventry, ENG"]
[Date "2019.04.14"]
[Round "8.91"]
[White "Williamson, Kevin J"]
[Black "Finn, Daniel"]
[Result "1-0"]
[WhiteElo "1860"]
[BlackElo "1810"]
[PlyCount "79"]
[EventDate "2019.04.14"]
[WhiteTeam "MK Phoenix 2"]
[BlackTeam "Sussex Martlets 3"]

1. d4 d5 2. Nf3 Nf6 3. e3 e6 4. Bd3 Bd6 5. O-O O-O 6. Nbd2 c5 7. c3 Nc6 8. Qe2
Re8 9. dxc5 Bxc5 10. e4 dxe4 11. Nxe4 Be7 12. Rd1 Qa5 13. b4 Qc7 14. Bd2 e5 15.
b5 Nd8 16. Nfg5 g6 17. Qf3 Nh5 18. Bc2 Be6 19. Nxe6 Nxe6 20. Bb3 Bd8 21. g3 Rc8
22. Be3 Be7 23. Bxe6 fxe6 24. Qg4 Qc4 25. Rd7 Nf6 26. Nxf6+ Bxf6 27. Qxc4 Rxc4
28. Rxb7 Rxc3 29. Rxa7 Rb8 30. a4 Rc4 31. Rd1 e4 32. Rd6 Re8 33. Rdd7 h5 34. h4
Rb4 35. b6 Be5 36. b7 Rb8 37. a5 Rb5 38. a6 Kf8 39. Ra8 Ke8 40. Rh7 1-0

[Event "4NCL Division 4 South"]
[Site "Daventry, ENG"]
[Date "2019.04.14"]
[Round "8.92"]
[White "Bennett, Max"]
[Black "Majer, Chris E"]
[Result "0-1"]
[WhiteElo "1885"]
[BlackElo "1850"]
[PlyCount "80"]
[EventDate "2019.04.14"]
[WhiteTeam "Sussex Martlets 3"]
[BlackTeam "MK Phoenix 2"]

1. e4 c6 2. d4 Na6 3. Nc3 Nc7 4. Bd3 d5 5. e5 g6 6. f4 h5 7. h3 Nh6 8. Nf3 Bf5
9. Be3 Bxd3 10. Qxd3 Nf5 11. Bf2 e6 12. O-O-O h4 13. Ne2 Na6 14. Nh2 Rc8 15.
Ng4 Be7 16. g3 hxg3 17. Nxg3 Nxg3 18. Bxg3 c5 19. h4 Qa5 20. a3 c4 21. Qd2 $11
c3 22. Qd3 Bxa3 23. Nf6+ Kf8 24. Rdf1 cxb2+ 25. Kb1 Bb4 26. c4 Rxc4 27. Kxb2
Bc3+ 28. Kc2 Bxd4+ 29. Kd1 Qa4+ 30. Kd2 Rc3 31. Qb1 Rb3 32. Qc1 Be3+ 33. Ke2
Qa2+ 34. Kf3 Bxc1+ 35. Kg4 Qe2+ 36. Kh3 Be3 37. Ra1 Qd3 38. Rhd1 Qf5+ 39. Kg2
Bxf4 40. Bxf4 Qxf4 0-1

[Event "4NCL Division 4 South"]
[Site "Daventry, ENG"]
[Date "2019.04.14"]
[Round "8.93"]
[White "Whiteside, Robert"]
[Black "Hedger, Alec"]
[Result "1/2-1/2"]
[WhiteElo "1807"]
[BlackElo "1727"]
[PlyCount "133"]
[EventDate "2019.04.14"]
[WhiteTeam "MK Phoenix 2"]
[BlackTeam "Sussex Martlets 3"]

1. e4 c5 2. d4 cxd4 3. c3 Nf6 4. e5 Nd5 5. cxd4 d6 6. Nf3 Nc6 7. Be2 Bg4 8. O-O
e6 9. Re1 Qc7 10. Bg5 Be7 11. Bxe7 Ndxe7 12. Nbd2 d5 13. Rc1 Qb6 14. Nb3 Bxf3
15. Bxf3 Nf5 16. Qd2 Nfxd4 17. Bd1 O-O 18. Rc3 f6 19. Nxd4 Nxd4 20. Rd3 Nc6 21.
Rb3 Qc7 22. exf6 Rxf6 23. Bg4 Qf7 24. Rbe3 e5 25. Bd1 Kh8 26. Bb3 Rd8 27. Rd1
Rfd6 28. Rf3 Qe7 29. Rh3 Nd4 30. Qd3 h6 31. f4 Nxb3 32. fxe5 Qxe5 33. Qxb3 Rb6
34. Qa3 Rxb2 35. Re3 Qf6 36. Rf3 Qb6+ 37. Kh1 Qb4 38. Qxa7 Rb1 39. Rff1 Rxd1
40. Rxd1 d4 41. h3 d3 42. Qe3 d2 43. a3 Qa5 44. Kh2 Qc7+ 45. Kh1 Qd6 46. Qf3
Rd7 47. Qc3 Qd3 48. Qxd3 Rxd3 49. Kg1 b5 50. Kf2 Rxa3 51. Rxd2 Ra8 52. Rb2 Rb8
53. Ke3 g6 54. Kd4 Kg7 55. Rf2 b4 56. Kc4 b3 57. Kc3 g5 58. Kb2 Kg6 59. g4 h5
60. gxh5+ Kxh5 61. Rf7 Kh4 62. Rh7+ Kg3 63. Rh5 Kf4 64. Rh7 Kf5 65. Rf7+ Ke4
66. Rg7 Rb5 67. h4 1/2-1/2

[Event "4NCL Division 4 South"]
[Site "Daventry, ENG"]
[Date "2019.04.14"]
[Round "8.94"]
[White "Woods, Timothy J"]
[Black "Matthews, Adrian M S"]
[Result "1/2-1/2"]
[WhiteElo "1682"]
[BlackElo "1815"]
[PlyCount "74"]
[EventDate "2019.04.14"]
[WhiteTeam "Sussex Martlets 3"]
[BlackTeam "MK Phoenix 2"]

1. e4 c5 2. Nf3 Nc6 3. d4 cxd4 4. Nxd4 Nf6 5. Nc3 e5 6. Ndb5 d6 7. Bg5 a6 8.
Na3 b5 9. Bxf6 gxf6 10. Nd5 f5 11. Bd3 Be6 12. O-O Bxd5 13. exd5 Ne7 14. c4 e4
15. Be2 Bg7 16. Rb1 bxc4 17. Nxc4 O-O 18. Qd2 Ng6 19. f3 e3 20. Qxe3 Re8 21.
Qd2 Qe7 22. Bd3 Qa7+ 23. Kh1 Qd4 24. Nxd6 Re3 25. Rfd1 Nh4 26. Bxf5 Qxd2 27.
Rxd2 Bf8 28. Nc4 Nxf5 29. Nxe3 Nxe3 30. Rd3 Nc4 31. b3 Nd6 32. Kg1 Rc8 33. Rd2
Bh6 34. Re2 Kf8 35. Kf1 Rc5 36. Rd1 a5 37. g3 Bg7 1/2-1/2

[Event "4NCL Division 4 South"]
[Site "Daventry, ENG"]
[Date "2019.04.14"]
[Round "8.95"]
[White "Cox, Toby"]
[Black "Hedger, Timothy"]
[Result "1-0"]
[WhiteElo "1825"]
[BlackElo "1742"]
[PlyCount "135"]
[EventDate "2019.04.14"]
[WhiteTeam "MK Phoenix 2"]
[BlackTeam "Sussex Martlets 3"]

1. e4 d5 2. exd5 Qxd5 3. Nc3 Qd6 4. d4 Nf6 5. Nf3 a6 6. Ne5 Nc6 7. Bf4 Nxe5 8.
Bxe5 Qb6 9. Be2 g6 10. O-O Bg7 11. Nd5 Nxd5 12. Bxg7 Rg8 13. Be5 Qxb2 14. Bf3
c6 15. Qd2 Qc3 16. Rfd1 Qxd2 17. Rxd2 b5 18. c4 bxc4 19. Rc2 c3 20. Bxd5 cxd5
21. Rxc3 f6 22. Bf4 Kf7 23. Rc7 Be6 24. Bd6 Rge8 25. Rb1 Rac8 26. Rbb7 Rxc7 27.
Rxc7 f5 28. Kf1 g5 29. Bb4 Kf6 30. Rc6 a5 31. Bxa5 Ra8 32. Rc5 Bf7 33. a3 e6
34. Bb4 f4 35. Ra5 Rxa5 36. Bxa5 Kf5 37. f3 e5 38. Ke2 e4 39. Bd8 Be8 40. g4+
fxg3 41. hxg3 exf3+ 42. Kxf3 Bh5+ 43. Kf2 Bd1 44. Ke1 $11 Bb3 45. Kf2 h5 46.
Kg2 Ke4 47. Bf6 Kf5 48. Be5 Kg4 49. Bf6 Bc2 50. Kh2 Kf5 51. Be5 g4 52. Kg2 Ke4
53. Kf2 Kd3 54. Bf6 Ke4 55. Be5 Bd1 56. Ke1 Bc2 57. Kd2 Ba4 58. Ke2 Bc2 59. Kd2
Bd3 60. a4 Bc4 61. a5 Bb5 62. Kc3 Kf5 63. Kb4 Bc6 64. a6 Kg5 65. Bd6 Kf6 66.
Kc5 Ba8 67. Kb6 Ke6 68. Kc7 1-0

[Event "4NCL Division 4 South"]
[Site "Daventry, ENG"]
[Date "2019.04.14"]
[Round "8.96"]
[White "Finn, Elizabeth"]
[Black "Shaw, John S"]
[Result "1/2-1/2"]
[WhiteElo "1600"]
[BlackElo "1707"]
[PlyCount "42"]
[EventDate "2019.04.14"]
[WhiteTeam "Sussex Martlets 3"]
[BlackTeam "MK Phoenix 2"]

1. d4 d5 2. c4 c6 3. e3 Nf6 4. Nf3 e6 5. Bd3 Nbd7 6. O-O Be7 7. b3 O-O 8. Bb2
b6 9. Nc3 Bb7 10. Qe2 c5 11. Rfd1 cxd4 12. exd4 Bb4 13. Rac1 Qe7 14. cxd5 Bxc3
15. Bxc3 Nxd5 16. Bc4 Qf6 17. Bxd5 Bxd5 18. Rd3 Rac8 19. Rcd1 a5 20. Ne5 Nxe5
21. Qxe5 Qxe5 1/2-1/2

[Event "4NCL Division 4 South"]
[Site "Daventry, ENG"]
[Date "2019.04.14"]
[Round "8.102"]
[White "Martin, Nick J"]
[Black "Lewis, Christopher D"]
[Result "0-1"]
[WhiteElo "1802"]
[BlackElo "1930"]
[PlyCount "58"]
[EventDate "2019.04.14"]
[WhiteTeam "Banbury Bulldogs"]
[BlackTeam "Shropshire 3"]

1. e4 c6 2. d4 d5 3. exd5 cxd5 4. Bd3 Nc6 5. c3 Qc7 6. Ne2 e6 7. Bf4 Bd6 8.
Bxd6 Qxd6 9. O-O Nf6 10. Re1 O-O 11. Ng3 e5 12. dxe5 Nxe5 13. Bc2 Bg4 14. Qd4
Nc6 15. Qd3 Rfe8 16. Nd2 Rad8 17. Rxe8+ Rxe8 18. Nc4 Qc5 19. Ne3 Ne5 20. Qf1 g6
21. Re1 Bd7 22. Rd1 Bb5 23. Qe1 Nc4 24. Ngf1 Nxb2 25. Rd4 Rc8 26. Nxd5 Nxd5 27.
Qe5 Re8 28. Qxd5 Qxd5 29. Rxd5 Bc4 0-1

[Event "4NCL Division 4 South"]
[Site "Daventry, ENG"]
[Date "2019.04.14"]
[Round "8.103"]
[White "Taylor, Alex B"]
[Black "Hibbitt, Arthur M"]
[Result "1/2-1/2"]
[WhiteElo "1870"]
[BlackElo "1771"]
[PlyCount "85"]
[EventDate "2019.04.14"]
[WhiteTeam "Shropshire 3"]
[BlackTeam "Banbury Bulldogs"]

1. e4 c5 2. Nf3 g6 3. d4 cxd4 4. Nxd4 Nf6 5. Nc3 Nc6 6. Be3 Bg7 7. Bc4 Qa5 8.
Nxc6 bxc6 9. Qd3 Rb8 10. Bb3 O-O 11. f3 Ba6 12. Qd2 Rfd8 13. Na4 Qxd2+ 14. Bxd2
d6 15. Kf2 c5 16. c4 Nd7 17. f4 Bb7 18. Rhe1 Nf6 19. Nc3 Bc6 20. Rab1 Ng4+ 21.
Kg3 h5 22. h3 Nh6 23. Bc2 e6 24. b3 d5 25. exd5 exd5 26. cxd5 Bxd5 27. Nxd5
Rxd5 28. Re2 Nf5+ 29. Bxf5 gxf5 30. Rbe1 Bf6 31. Ba5 Rd3+ 32. Re3 h4+ 33. Kf3
Rd7 $11 34. Bc3 Kg7 35. Bxf6+ Kxf6 36. Rc3 Rg8 37. Rce3 Rd4 38. Kf2 Rxf4+ 39.
Rf3 Rd4 40. Re2 a5 41. Rc2 a4 42. Rfc3 axb3 43. axb3 1/2-1/2